LEADER 02932oas 2200817 a 450 001 9910144626703321 005 20251105213014.0 035 $a(OCoLC)70111582 035 $a(CONSER) 2006206191 035 $a(CKB)1000000000222878 035 $a(EXLCZ)991000000000222878 100 $a20060614b20022016 uy 101 0 $ager 135 $aurcn||||||||| 181 $ctxt$2rdacontent 182 $cc$2rdamedia 183 $acr$2rdacarrier 200 00$aTechnikfolgenabscha?tzung $eTheorie und Praxis /$fForschungszentrum Karlsruhe Technik und Umwelt, Institut fu?r Technikfolgenabscha?tzung und Systemanalyse 210 $aKarlsruhe $cForschungszentrum Karlsruhe in der Helmholtz-Gemeinschaft, Institut fu?r Technikfolgenabscha?tzung und Systemanalyse (ITAS)$d[2002]-2017 215 $a1 online resource (15 volumes) 300 $aTitle from PDF table of contents page (publisher's Web site, viewed June 2, 2006). 300 $aRefereed/Peer-reviewed 311 08$a1619-7623 517 1 $aTechnology assessment 606 $aTechnology assessment$vPeriodicals 606 $aTechnology assessment$zGermany$vPeriodicals 606 $aTechnology$xSocial aspects$vPeriodicals 606 $aTechnology$xSocial aspects$zGermany$vPeriodicals 606 $aTechnology$xEnvironmental aspects$vPeriodicals 606 $aTechnology$xEnvironmental aspects$zGermany$vPeriodicals 606 $aTechnology and state$vPeriodicals 606 $aTechnology and state$zGermany$vPeriodicals 606 $aTechnology and state$2fast$3(OCoLC)fst01145265 606 $aTechnology assessment$2fast$3(OCoLC)fst01145279 606 $aTechnology$xEnvironmental aspects$2fast$3(OCoLC)fst01145116 606 $aTechnology$xSocial aspects$2fast$3(OCoLC)fst01145202 607 $aGermany$2fast$1https://id.oclc.org/worldcat/entity/E39PBJtCD3rcKcPDx6FHmjvrbd 608 $aPeriodicals.$2fast 615 0$aTechnology assessment 615 0$aTechnology assessment 615 0$aTechnology$xSocial aspects 615 0$aTechnology$xSocial aspects 615 0$aTechnology$xEnvironmental aspects 615 0$aTechnology$xEnvironmental aspects 615 0$aTechnology and state 615 0$aTechnology and state 615 7$aTechnology and state. 615 7$aTechnology assessment. 615 7$aTechnology$xEnvironmental aspects. 615 7$aTechnology$xSocial aspects. 712 02$aInstitut fu?r Technikfolgenabscha?tzung und Systemanalyse 801 0$bDLC 801 1$bDLC 801 2$bWAU 801 2$bOCLCQ 801 2$bAU@ 801 2$bOCLCO 801 2$bOCLCF 801 2$bCUS 801 2$bOCLCO 801 2$bCUS 801 2$bOCLCQ 801 2$bCUS 801 2$bOCLCQ 801 2$bUBY 801 2$bOCLCL 801 2$bOCLCQ 906 $aJOURNAL 912 $a9910144626703321 996 $aTechnikfolgenabschätzung$92580121 997 $aUNINA